header

Beauty and the beast (Record no. 44642)

MARC details
000 -LEADER
fixed length control field 01276nam a2200313Ia 4500
100 1# - MAIN ENTRY--AUTHOR NAME
Personal name Girelli, Elisabetta.
245 10 - TITLE STATEMENT
Title Beauty and the beast
260 ## - PUBLICATION, DISTRIBUTION, ETC. (IMPRINT)
Place of publication Bristol ;
-- Chicago, IL :
Name of publisher Intellect,
Year of publication 2009.
300 ## - PHYSICAL DESCRIPTION
Number of Pages 184 p. :
Other physical details ill.
650 #0 - SUBJECT ADDED ENTRY--TOPICAL TERM
Topical Term Motion pictures
Topical Term Italians in motion pictures.
Topical Term Italians
856 40 - ELECTRONIC LOCATION AND ACCESS
Uniform Resource Identifier http://site.ebrary.com/lib/rucke/Doc?id=10354168

No items available.

© 2026 Rongo University
Contact us: librarian | system librarian | Rongo university